000 006770000a22001930004500
003 LK-CoMWRAF
008 230817t1992 ||||| |||| 00| 0 eng d
040 _aLK-CoMWRAF
_dLK-CoMWRAF
_eLK-CoMWRAF
041 _aeng
082 _a305.42
_bWOM
111 _aTHIRD NATIONAL CONVENTION ON WOMEN'S STUDIES
_c( Colombo
_d4-7 th March, 1992)
245 _aThird national convention on women's studies:
_bwomen in economic activities
260 _aColombo:
_bCentre for Women's Research,
_c1992
300 _avarious paging
650 _aWomen's rights- Sri Lanka- Congresses
650 _aWomen's studies- Sri Lanka- Congresses
710 _aCentre for Women's Research
942 _cCP
999 _c2566
_d2566